Civil War Generals - Statistics

General Stats
  • This quiz has been taken 798 times
  • The average score is 4 of 8
Answer Stats
Hint General % Correct
Main General for the South Robert E. Lee
99%
Main Union General in the West Ulysses S. Grant
97%
Union General who won at Gettysburg George Meade
61%
Union General at Antietam George McClellan
57%
Confederate General who won at the First Battle of Bull Run Joseph E. Johnston
30%
Union General at Manassas Irvin McDowell
22%
Confederate at the Siege of Vicksburg John C. Pemberton
17%
Union General at Battle of Franklin John M. Schofield
9%
No matching quizzes found
Score Distribution
Percent of People with Each Score
Percentile by Number Answered
Your Score History
You have not taken this quiz